Visualizzazione normale
Vista MARC
- Olmi Ermanno
di Personal Name
Records bibliografici associati: 1
001 - CONTROL NUMBER
- control field: 45025
003 - CONTROL NUMBER IDENTIFIER
- control field: IT-RoPau
005 - DATE AND TIME OF LATEST TRANSACTION
- control field: 20151129161925.0
008 - FIXED-LENGTH DATA ELEMENTS
- fixed length control field: 151129|| aca||aabn | a|a d
040 ## - CATALOGING SOURCE
- Original cataloging agency: IT-RoPau
- Transcribing agency: IT-RoPau
100 ## - HEADING--PERSONAL NAME
- Personal name: Olmi Ermanno
- Relator term: (regista)
- Miscellaneous information: Codice regista SPICS: 3081
670 ## - SOURCE DATA FOUND
- Source citation: Work cat.: (IT-RoPau)106082: Olmi Ermanno Codice regista SPICS: 3081 45021, GENESI. LA CREAZIONE E IL DILUVIO GENESI. LA CREAZIONE E IL DILUVIO (Rif. Codice opera principale : D3567)